Statistics for Click the Famous Partners

Click here to take the quiz!

General Stats

  • This quiz has been taken 3,292 times
  • The average score is 19 of 25

Answer Stats

HintAnswer% Correct
Romeo & _____Juliet
99%
Tom & _____Jerry
98%
Batman & _____Robin
98%
Bonnie & _____Clyde
95%
Adam & _____Eve
94%
Lilo & _____Stitch
94%
Tarzan & _____Jane
93%
David & _____Goliath
88%
Cain & _____Abel
84%
Jekyll & _____Hyde
84%
Romulus & _____Remus
84%
Simon & _____Garfunkel
81%
Thelma & _____Louise
79%
Starsky & _____Hutch
69%
Sonny & _____Cher
67%
Rosencrantz & _____Guildenstern
64%
Laurel & _____Hardy
63%
Mork & _____Mindy
62%
Posh & _____Becks
57%
Abbott & _____Costello
57%
Rocky & _____Bullwinkle
56%
Tango & _____Cash
56%
Rodgers & _____Hammerstein
54%
Porgy & _____Bess
52%
Gilbert & _____Sullivan
51%

Score Distribution

Percentile by Number Answered

Percent of People with Each Score

Your Score History

You have not taken this quiz